000
00242nam a2200097Ia 4500
001
660326
005
20250826160112.0
008
250824s9999 xx 000 0 und d
245
0
_a
Her Şeyi Satarım Ruhum Hariç 2
_c
Hakan Yel
260
_b
ALTIN
999
_c
660326
_d
660326